000 01493nam0a2200385 i 4500
001 RU\NLR\BIBL_A\010028625
005 20241103121517.0
010 _a9785926813675
_91500
021 _aRU
_b2013-98397
_96825
035 _a(NILC)RuMoRGB-006712178
035 _a(NLR Aleph) 010028625
090 _a9937418
_c9937418
100 _a20140204d2013 um y0rusy50 ca
101 0 _arus
102 _aRU
105 _aa|||z|||000yy
200 1 _aПрагматика сотрудничества
_eтехнологии сотрудничества в менеджменте
_fЕвгений Миронов
210 _aСанкт-Петербург
_cРечь
_d2013
215 _a203, [2] с.
_cил.
_d21
300 _aНа 4-й с. обл. авт.: Е. Миронов, к.психол.н., доц.
320 _aБиблиогр. в конце кн. (18 назв.)
606 _aМенеджмент
_91566100
_3RU\NLR\AUTH\66685658
606 1 _aЦель
_xПсихологические исследования
_91746975
_3RU\NLR\AUTH\661078008
606 1 _aКоммуникации социальные
_92074834
_3RU\NLR\AUTH\661249852
675 _a316.6
686 1 _aС550.373.2
686 1 _aС550.74
686 1 _aЮ935.22-39
700 1 _aМиронов
_bЕ. А.
_gЕвгений Анатольевич
801 0 _aRU
_bRuMoRKP
_c20131205
_gRCR
801 2 _aRU
_bРГБ
_c20131225
_grcr
942 _cBOOK
980 _aNBR